[Event "World Championship (rapid) 2015"]
[Site "Berlin GER"]
[Date "2015.10.11"]
[Round "9"]
[White "Meier, Georg"]
[Black "Vachier-Lagrave, Maxime"]
[Result "0-1"]
[WhiteElo "2654"]
[BlackElo "2758"]
[PlyCount "152"]
[EventDate "2015.10.10"]

1. Nf3 Nf6 2. g3 g6 3. Bg2 Bg7 4. O-O O-O 5. d4 d5 6. Nbd2 Ne4 7. c3 Nd6 8. Ne5
c6 9. e4 dxe4 10. Nxe4 Nxe4 11. Bxe4 Bh3 12. Re1 Nd7 13. Nd3 e5 14. dxe5 Nxe5
15. Nxe5 Qxd1 16. Rxd1 Bxe5 17. Be3 Rfe8 18. Bg2 Bf5 19. Rd2 a5 20. a4 h5 21.
h3 Bxg3 22. fxg3 Rxe3 23. Kf2 Rae8 24. Rc1 Kg7 25. h4 Bg4 26. Rcc2 R3e5 27. b4
Rf5+ 28. Kg1 Re3 29. Kh2 Rfe5 30. Rf2 Be6 31. Rf4 Bb3 32. Rb2 Rxc3 33. bxa5
Rxa5 34. Rb4 Bxa4 35. Rxb7 Rb5 36. R2xb5 Bxb5 37. Rc7 Re3 38. Bh3 Re5 39. g4
hxg4 40. Bxg4 Be2 41. Bc8 c5 42. Kg3 Bc4 43. Kf4 Rh5 44. Kg3 Kf6 45. Bg4 Re5
46. Kf4 Be6 47. Rc6 Rd5 48. Ke3 Ke7 49. Be2 Re5+ 50. Kf2 Bd7 51. Rb6 Re4 52. h5
gxh5 53. Bxh5 Rb4 54. Ra6 Be6 55. Ke3 Rh4 56. Bd1 Bd5 57. Bc2 Be6 58. Rc6 c4
59. Be4 Kf6 60. Rc5 Rh8 61. Kd4 Rg8 62. Bc2 Rg5 63. Rc6 Rg4+ 64. Be4 Kg5 65.
Ke3 Rg3+ 66. Kd4 Kf4 67. Rc7 Rg1 68. Bc2 Rg2 69. Bb1 Rb2 70. Bh7 f5 71. Re7
Rd2+ 72. Kc3 Rd3+ 73. Kb2 Bd5 74. Rc7 Rb3+ 75. Kc1 Rh3 76. Bg6 c3 0-1

[Event "World Championship (rapid) 2015"]
[Site "Berlin GER"]
[Date "2015.10.11"]
[Round "9"]
[White "Akopian, Vladimir"]
[Black "Dominguez Perez, Leinier"]
[Result "0-1"]
[WhiteElo "2648"]
[BlackElo "2732"]
[PlyCount "116"]
[EventDate "2015.10.10"]

1. Nf3 Nf6 2. g3 c5 3. c4 Nc6 4. Bg2 d5 5. cxd5 Nxd5 6. Nc3 g6 7. Qb3 e6 8. O-O
Bg7 9. d3 O-O 10. Bg5 Qd7 11. Rfd1 b6 12. Rac1 Bb7 13. Qa4 h6 14. Bd2 Rfd8 15.
Qh4 g5 16. Qa4 Nce7 17. Qxd7 Rxd7 18. h4 g4 19. Nh2 f5 20. Nf1 Rad8 21. Ne3
Nxe3 22. Bxe3 Bxg2 23. Kxg2 Kf7 24. b3 h5 25. Bg5 Bf6 26. Bxf6 Kxf6 27. a3 Nc6
28. Kf1 Nd4 29. b4 Rc8 30. Na4 Rdc7 31. e3 Nf3 32. bxc5 b5 33. Nc3 Rxc5 34. Ne2
Rxc1 35. Rxc1 Nd2+ 36. Ke1 Rxc1+ 37. Nxc1 Nb1 38. a4 bxa4 39. Kd1 Nc3+ 40. Kc2
Nd5 41. Kb2 e5 42. Ne2 Nb4 43. Nc1 e4 44. dxe4 fxe4 45. Ka3 Nd3 46. Ne2 Nxf2
47. Kxa4 Nd1 48. Nf4 Nxe3 49. Nxh5+ Ke5 50. Nf4 Nf5 51. Ne2 e3 52. h5 Ke4 53.
Kb5 Kf3 54. Nf4 e2 55. Nd3 Kxg3 56. Kc5 Kf3 57. Kd5 g3 58. Ke5 Nh6 0-1

[Event "World Championship (rapid) 2015"]
[Site "Berlin GER"]
[Date "2015.10.11"]
[Round "9"]
[White "Fedoseev, Vladimir3"]
[Black "Nguyen, Ngoc Truong Son"]
[Result "1/2-1/2"]
[WhiteElo "2659"]
[BlackElo "2634"]
[PlyCount "117"]
[EventDate "2015.10.10"]

1. e4 e5 2. Nf3 Nc6 3. Bb5 a6 4. Ba4 Nf6 5. O-O Be7 6. Re1 b5 7. Bb3 O-O 8. a4
Bb7 9. d3 d6 10. Bd2 Qd7 11. Nc3 Na5 12. Ba2 b4 13. Nd5 Nxd5 14. exd5 c5 15. c3
b3 16. Bxb3 Nxb3 17. Qxb3 Rab8 18. d4 Ba8 19. Qa2 exd4 20. cxd4 Bf6 21. Bc3 Qf5
22. dxc5 Bxd5 23. Qb1 Qxb1 24. Raxb1 dxc5 25. Ne5 Rb7 26. Rbd1 Be6 27. Rd6 Ra8
28. Nd3 Bxc3 29. bxc3 Rc7 30. Re5 g6 31. Nxc5 Bc4 32. g4 a5 33. g5 Kg7 34. Rd4
Ba2 35. Rd7 Rc6 36. h4 h6 37. Kg2 hxg5 38. hxg5 Rh8 39. Kg3 Rhc8 40. Ne4 Re6
41. Kf4 Rxe5 42. Kxe5 Bb3 43. Ra7 Bxa4 44. Rxa5 Bc2 45. Nf6 Rxc3 46. Kd6 Rc8
47. Kd7 Rb8 48. Kc7 Rh8 49. f4 Bf5 50. Rd5 Rc8+ 51. Kb7 Be6 52. Rd6 Rh8 53. Rd4
Rf8 54. Rb4 Rd8 55. Kc7 Rc8+ 56. Kd6 Kf8 57. Rb2 Rd8+ 58. Ke5 Ra8 59. Rb6
1/2-1/2

[Event "World Championship (rapid) 2015"]
[Site "Berlin GER"]
[Date "2015.10.11"]
[Round "9"]
[White "Ganguly, Surya Shekhar"]
[Black "Inarkiev, Ernesto"]
[Result "0-1"]
[WhiteElo "2652"]
[BlackElo "2660"]
[PlyCount "94"]
[EventDate "2015.10.10"]

1. e4 e5 2. Nf3 Nc6 3. Bc4 Nf6 4. d3 Bc5 5. O-O a6 6. c3 Ba7 7. Bb3 d6 8. Nbd2
O-O 9. h3 Re8 10. Re1 Be6 11. Nf1 h6 12. Ng3 d5 13. exd5 Bxd5 14. Bc2 Nd7 15.
b4 Nf8 16. a4 b5 17. Be3 Bxe3 18. Rxe3 Ng6 19. Qe1 Nf4 20. Ne2 Ng6 21. Ng3 Nf4
22. Kh2 Re6 23. Ne2 Ng6 24. Ng3 Nf4 25. Ne4 Rg6 26. g3 Ne6 27. Nh4 Bxe4 28.
dxe4 Rf6 29. Bb3 Ng5 30. Bd5 Rb8 31. Rd3 Qe8 32. Nf5 g6 33. Nxh6+ Kg7 34. Ng4
Rf3 35. Bxc6 Rxd3 36. Qe2 Nf3+ 37. Qxf3 Rxf3 38. Bxe8 Rxe8 39. axb5 axb5 40.
Rc1 f5 41. exf5 gxf5 42. Ne3 Rxf2+ 43. Kg1 Rf3 44. Nd5 c6 45. Kg2 Rd3 46. Nc7
Re7 47. Na6 Ra7 0-1

[Event "World Championship (rapid) 2015"]
[Site "Berlin GER"]
[Date "2015.10.11"]
[Round "9"]
[White "Tomashevsky, Evgeny"]
[Black "Bogdanovich, Stanislav"]
[Result "1-0"]
[WhiteElo "2758"]
[BlackElo "2590"]
[PlyCount "41"]
[EventDate "2015.10.10"]

1. Nf3 d5 2. g3 Nf6 3. Bg2 c6 4. O-O Bg4 5. h3 Bh5 6. d3 Nbd7 7. c4 e6 8. cxd5
exd5 9. e4 dxe4 10. dxe4 Nc5 11. Nc3 Qxd1 12. Rxd1 Be7 13. g4 Bg6 14. Nh4 Nfxe4
15. Nxe4 Bxe4 16. Bxe4 Bxh4 17. Bg2 Ne6 18. Be3 Ke7 19. f4 Rhd8 20. f5 Bg5 21.
Re1 1-0

[Event "World Championship (rapid) 2015"]
[Site "Berlin GER"]
[Date "2015.10.11"]
[Round "9"]
[White "Dubov, Daniil"]
[Black "Dreev, Aleksey"]
[Result "1/2-1/2"]
[WhiteElo "2661"]
[BlackElo "2644"]
[PlyCount "49"]
[EventDate "2015.10.10"]

1. e4 c6 2. d4 d5 3. Nd2 dxe4 4. Nxe4 Bf5 5. Ng3 Bg6 6. h4 h6 7. Nf3 Nd7 8. h5
Bh7 9. Bd3 Bxd3 10. Qxd3 e6 11. Bd2 Ngf6 12. Ne4 Nxe4 13. Qxe4 Nf6 14. Qd3 Qd5
15. c4 Qe4+ 16. Qxe4 Nxe4 17. Be3 Be7 18. Nd2 Bb4 19. Ke2 Bxd2 20. Bxd2 Nxd2
21. Kxd2 Ke7 22. Ke3 Rad8 23. Rh4 Rd7 24. Rg4 Rhd8 25. Rh1 1/2-1/2

[Event "World Championship (rapid) 2015"]
[Site "Berlin GER"]
[Date "2015.10.11"]
[Round "9"]
[White "Grischuk, Alexander"]
[Black "Petrosian, Tigran L"]
[Result "1-0"]
[WhiteElo "2774"]
[BlackElo "2625"]
[PlyCount "123"]
[EventDate "2015.10.10"]

1. d4 d6 2. e4 Nf6 3. Nc3 g6 4. Bg5 c6 5. Qd2 b5 6. Bd3 Nbd7 7. Nf3 h6 8. Bxf6
exf6 9. d5 b4 10. dxc6 bxc3 11. cxd7+ Bxd7 12. Qxc3 Bg7 13. O-O O-O 14. Qd2 Qb6
15. b3 Bg4 16. Qf4 Be6 17. Rae1 a5 18. Qe3 Qb4 19. a4 Rac8 20. Nd4 Bd7 21. Nb5
Rfe8 22. Qg3 Bf8 23. Re3 Kg7 24. h3 h5 25. Rd1 Re5 26. Qf3 Qc5 27. Re2 Rce8 28.
Qe3 Qxe3 29. Rxe3 f5 30. Bc4 fxe4 31. Nxd6 R8e7 32. Nxf7 Rc5 33. Nd6 Bc6 34.
Nb5 Kh7 35. Re2 Bh6 36. Nc3 e3 37. Nd5 exf2+ 38. Kxf2 Rxe2+ 39. Kxe2 Bxa4 40.
Kd3 Bb5 41. Kd4 Bf8 42. Bxb5 Rxb5 43. Rd3 Kg7 44. c4 Bc5+ 45. Kc3 Rb7 46. Rd2
Kh6 47. Re2 Kg5 48. Re4 Rf7 49. h4+ Kh6 50. Rf4 Rb7 51. Rf6 Be7 52. Nxe7 Rxe7
53. c5 Re3+ 54. Kc4 Re2 55. c6 Rxg2 56. Kb5 Rc2 57. Kxa5 Kg7 58. Rd6 g5 59.
hxg5 h4 60. Kb6 Rb2 61. Rd3 Kg6 62. c7 1-0

[Event "World Championship (rapid) 2015"]
[Site "Berlin GER"]
[Date "2015.10.11"]
[Round "9"]
[White "Leko, Peter"]
[Black "Swiercz, Dariusz"]
[Result "1/2-1/2"]
[WhiteElo "2707"]
[BlackElo "2620"]
[PlyCount "76"]
[EventDate "2015.10.10"]

1. Nf3 Nf6 2. c4 g6 3. g3 Bg7 4. Bg2 O-O 5. O-O c6 6. b3 d6 7. d4 e5 8. Nc3 e4
9. Ne1 d5 10. Nc2 Be6 11. Ne3 Re8 12. Ba3 h5 13. h4 Nbd7 14. cxd5 cxd5 15. Na4
Bh6 16. Bc1 Bf8 17. Nc2 Rc8 18. Bg5 b5 19. Nb2 Qa5 20. Bd2 Qb6 21. Rc1 Rc6 22.
Ne3 Rec8 23. Rxc6 Rxc6 24. Nc2 Bg4 25. Re1 a5 26. Qb1 Qc7 27. Ne3 Bb4 28. Bxb4
axb4 29. Bf1 Nf8 30. Qd1 Ne6 31. Qd2 Qd6 32. Nc2 Rc3 33. Nd1 Rxg3+ 34. fxg3
Qxg3+ 35. Kh1 Qxh4+ 36. Kg1 Qg3+ 37. Kh1 Qh4+ 38. Kg1 Qg3+ 1/2-1/2

[Event "World Championship (rapid) 2015"]
[Site "Berlin GER"]
[Date "2015.10.11"]
[Round "9"]
[White "Andreikin, Dmitry"]
[Black "Antipov, Mikhail Al"]
[Result "1-0"]
[WhiteElo "2720"]
[BlackElo "2569"]
[PlyCount "64"]
[EventDate "2015.10.10"]

1. Nf3 Nf6 2. c4 e6 3. g3 a6 4. Bg2 b5 5. b3 Bb7 6. O-O Be7 7. Nc3 Ne4 8. Nxe4
Bxe4 9. d3 Bf6 10. Ba3 Bb7 11. Rc1 d6 12. d4 Be4 13. Qd2 O-O 14. Qf4 Bxf3 15.
Qxf3 c6 16. Rfd1 Be7 17. h4 d5 18. Bxe7 Qxe7 19. e4 dxe4 20. Qxe4 Qf6 21. d5
exd5 22. cxd5 cxd5 23. Qxd5 Ra7 24. Qc5 Re7 25. Rd6 Re6 26. Rxe6 Qxe6 27. Bd5
Qf6 28. Qc7 h5 29. Re1 g5 30. hxg5 Qxg5 31. Re5 Qg6 32. Qe7 Qh6 1-0

[Event "World Championship (rapid) 2015"]
[Site "Berlin GER"]
[Date "2015.10.11"]
[Round "9"]
[White "Bindrich, Falko"]
[Black "Ponomariov, Ruslan"]
[Result "1/2-1/2"]
[WhiteElo "2594"]
[BlackElo "2710"]
[PlyCount "138"]
[EventDate "2015.10.10"]

1. d4 Nf6 2. c4 e6 3. g3 d5 4. Bg2 dxc4 5. Nf3 Bd7 6. Ne5 Bc6 7. Nxc6 Nxc6 8.
Qa4 Qd7 9. Qxc4 Nxd4 10. O-O O-O-O 11. Nc3 e5 12. Bg5 Qe6 13. Qa4 Bc5 14. e3
Nc6 15. Rac1 Bb6 16. Bxf6 gxf6 17. Nb5 Kb8 18. Rc3 e4 19. Bxe4 Nd4 20. Nxd4
Bxd4 21. exd4 Qxe4 22. Qc4 Rd7 23. Rd1 Rhd8 24. Re3 Qg4 25. Rd2 h5 26. b3 c6
27. Qc5 h4 28. f3 Qg6 29. g4 Rd5 30. Qe7 a6 31. h3 Kc8 32. Kg2 Rxd4 33. Rxd4
Rxd4 34. Re2 Rd7 35. Qe8+ Kc7 36. Qe3 Qd3 37. Qf2 f5 38. gxf5 f6 39. Re4 Qd1
40. Re2 Rg7+ 41. Kh2 Qd6+ 42. f4 Qd3 43. Rd2 Qc3 44. Re2 Qd3 45. Rd2 Qxf5 46.
Qxh4 Qb1 47. Qf2 b6 48. Qd4 Kb7 49. Qf2 a5 50. Rb2 Qf5 51. Rd2 Qe4 52. Re2 Qb4
53. Rd2 a4 54. Qd4 Qxd4 55. Rxd4 axb3 56. axb3 Re7 57. Rd3 c5 58. Kg3 Rg7+ 59.
Kf3 Kc6 60. Ke4 b5 61. Rc3 Rh7 62. Kf5 Rh6 63. Ke6 b4 64. Rg3 c4 65. bxc4 Kc5
66. f5 Kxc4 67. Rg4+ Kc3 68. Rg3+ Kc4 69. Rg4+ Kc3 1/2-1/2

[Event "World Championship (rapid) 2015"]
[Site "Berlin GER"]
[Date "2015.10.11"]
[Round "10"]
[White "Ivanchuk, Vassily"]
[Black "Kryvoruchko, Yuriy"]
[Result "1-0"]
[WhiteElo "2726"]
[BlackElo "2710"]
[PlyCount "53"]
[EventDate "2015.10.10"]

1. c4 Nf6 2. Nc3 e5 3. Nf3 Nc6 4. a3 d5 5. cxd5 Nxd5 6. Qc2 Nxc3 7. bxc3 Bd6 8.
d4 O-O 9. e3 Re8 10. Bd3 h6 11. O-O b6 12. Bb2 Bb7 13. Rfe1 Qe7 14. Be4 Rab8
15. c4 exd4 16. exd4 Qf8 17. c5 bxc5 18. dxc5 Bxc5 19. Rac1 Be7 20. Qa4 Nd8 21.
Ne5 Bc8 22. Bd5 Kh8 23. Bxf7 Bf5 24. Qxe8 Qxe8 25. Bxe8 Rxb2 26. Ng6+ Bxg6 27.
Bxg6 1-0

[Event "World Championship (rapid) 2015"]
[Site "Berlin GER"]
[Date "2015.10.11"]
[Round "10"]
[White "Karjakin, Sergey"]
[Black "Kovalenko, Igor"]
[Result "0-1"]
[WhiteElo "2762"]
[BlackElo "2700"]
[PlyCount "66"]
[EventDate "2015.10.10"]

1. e4 e6 2. d4 d5 3. Nd2 c5 4. exd5 Qxd5 5. Ngf3 cxd4 6. Bc4 Qd6 7. O-O Nf6 8.
Nb3 Nc6 9. Nbxd4 Nxd4 10. Nxd4 a6 11. Re1 Qc7 12. Qe2 h6 13. g3 b5 14. Bb3 Bd6
15. a4 O-O 16. axb5 e5 17. Nc6 Bb7 18. c4 axb5 19. Rxa8 Qxc6 20. Rxf8+ Bxf8 21.
f3 e4 22. cxb5 Qc5+ 23. Qf2 Qb4 24. Bc2 exf3 25. h3 Qxb5 26. Be3 Qh5 27. Qf1
Ng4 28. Qd3 g6 29. Bb3 Nxe3 30. Rxe3 Qg5 31. Kh2 f2 32. Re8 Qf6 33. Bc4 Qc6 0-1

[Event "World Championship (rapid) 2015"]
[Site "Berlin GER"]
[Date "2015.10.11"]
[Round "10"]
[White "Mamedov, Rauf"]
[Black "Mamedyarov, Shakhriyar"]
[Result "1/2-1/2"]
[WhiteElo "2657"]
[BlackElo "2736"]
[PlyCount "26"]
[EventDate "2015.10.10"]

1. d4 d5 2. c4 dxc4 3. e4 e5 4. Nf3 Bb4+ 5. Bd2 Bxd2+ 6. Qxd2 exd4 7. Qxd4 Qxd4
8. Nxd4 Bd7 9. Bxc4 Nc6 10. Nxc6 Bxc6 11. Nc3 Nf6 12. f3 Ke7 13. Kf2 Rhd8
1/2-1/2

[Event "World Championship (rapid) 2015"]
[Site "Berlin GER"]
[Date "2015.10.11"]
[Round "10"]
[White "Vachier-Lagrave, Maxime"]
[Black "Tomashevsky, Evgeny"]
[Result "1/2-1/2"]
[WhiteElo "2758"]
[BlackElo "2758"]
[PlyCount "88"]
[EventDate "2015.10.10"]

1. d4 d5 2. c4 c6 3. Nc3 Nf6 4. Nf3 a6 5. e3 e6 6. b3 Bb4 7. Bd2 O-O 8. Bd3
Nbd7 9. O-O Qe7 10. Re1 e5 11. dxe5 Nxe5 12. Nxe5 Qxe5 13. Nxd5 Nxd5 14. cxd5
Bxd2 15. Qxd2 Qxd5 16. Rad1 Qg5 17. Qb4 Re8 18. Be2 Bh3 19. Bf3 Re7 20. Rd6
Rae8 21. Red1 Bc8 22. h4 Qb5 23. Qd4 Qe5 24. Qb6 Qb5 25. Qa7 h5 26. Qd4 Qe5 27.
Qb4 g6 28. g3 Kg7 29. Kg2 Bf5 30. Rd8 Rxd8 31. Rxd8 Be4 32. Bxe4 Qxe4+ 33. Qxe4
Rxe4 34. Rd7 Rb4 35. Kf3 Kf6 36. Ke2 Ke6 37. Rd8 Rb5 38. Rb8 Ra5 39. Rxb7 Rxa2+
40. Kf3 a5 41. Rc7 Rc2 42. Ra7 Rb2 43. Rxa5 Rxb3 44. Ra6 Rc3 1/2-1/2

[Event "World Championship (rapid) 2015"]
[Site "Berlin GER"]
[Date "2015.10.11"]
[Round "10"]
[White "Korobov, Anton"]
[Black "Gelfand, Boris"]
[Result "0-1"]
[WhiteElo "2700"]
[BlackElo "2741"]
[PlyCount "84"]
[EventDate "2015.10.10"]

1. d4 d5 2. c4 c6 3. Nf3 Nf6 4. Nc3 e6 5. Bg5 h6 6. Bh4 dxc4 7. e4 g5 8. Bg3 b5
9. Be2 Bb7 10. O-O Nbd7 11. Ne5 Bg7 12. Qc2 O-O 13. Rad1 Qe7 14. h4 Rad8 15.
hxg5 hxg5 16. Nxd7 Nxd7 17. Bg4 a6 18. e5 c5 19. d5 Nxe5 20. Bxe5 Bxe5 21. dxe6
Rd4 22. f3 Rxg4 23. fxg4 Qxe6 24. Rf5 Bd4+ 25. Rxd4 Qe3+ 26. Qf2 Qxf2+ 27. Kxf2
cxd4 28. Rxg5+ Kh7 29. Rh5+ Kg7 30. Ne2 d3 31. Nd4 Be4 32. Ke3 Re8 33. Kd2 Bg6
34. Rd5 Re4 35. g5 Rg4 36. Kc3 Rxg2 37. Rd7 Kf8 38. Rd8+ Ke7 39. Rd5 Rg1 40.
Kb4 Kf8 41. Rd8+ Kg7 42. Rd7 d2 0-1

[Event "World Championship (rapid) 2015"]
[Site "Berlin GER"]
[Date "2015.10.11"]
[Round "10"]
[White "Dominguez Perez, Leinier"]
[Black "Ponkratov, Pavel"]
[Result "1-0"]
[WhiteElo "2732"]
[BlackElo "2604"]
[PlyCount "107"]
[EventDate "2015.10.10"]

1. e4 e6 2. d4 d5 3. Nd2 c5 4. Ngf3 Nc6 5. exd5 exd5 6. Bb5 Bd6 7. O-O Nge7 8.
dxc5 Bxc5 9. Nb3 Bd6 10. Re1 O-O 11. h3 a6 12. Bd3 h6 13. c3 Bf5 14. Bxf5 Nxf5
15. Qd3 Qd7 16. Be3 Rfe8 17. Bc5 Bc7 18. Rad1 Rxe1+ 19. Rxe1 Rd8 20. Rd1 Qe6
21. Re1 Qf6 22. Bd4 Qg6 23. Qd1 Nd6 24. Ne5 Qf5 25. Nxc6 bxc6 26. Nc5 Ne4 27.
Nxe4 dxe4 28. Qg4 Qxg4 29. hxg4 Re8 30. b4 g6 31. Be3 f5 32. gxf5 gxf5 33. g3
Be5 34. c4 Rb8 35. Rb1 h5 36. a4 Kf7 37. Kg2 h4 38. Bf4 Ke6 39. Bxe5 Kxe5 40.
gxh4 Kd4 41. b5 c5 42. Kg3 Kxc4 43. Kf4 axb5 44. axb5 Kd3 45. Kxf5 Kc2 46. Rh1
Rxb5 47. Kxe4 c4 48. h5 c3 49. h6 Rb8 50. h7 Rh8 51. Kf5 Kd3 52. Kg6 Ke2 53.
Kg7 Rc8 54. h8=Q 1-0

[Event "World Championship (rapid) 2015"]
[Site "Berlin GER"]
[Date "2015.10.11"]
[Round "10"]
[White "Svidler, Peter"]
[Black "Bocharov, Dmitry"]
[Result "0-1"]
[WhiteElo "2727"]
[BlackElo "2560"]
[PlyCount "82"]
[EventDate "2015.10.10"]

1. e4 c5 2. Nf3 e6 3. d4 cxd4 4. Nxd4 a6 5. Bd3 Nf6 6. O-O Qc7 7. Qe2 d6 8. c4
g6 9. Nc3 Bg7 10. Be3 O-O 11. h3 Nbd7 12. Nf3 b6 13. Rac1 Bb7 14. Rfd1 Rac8 15.
b3 Nc5 16. Bf4 Nh5 17. Bd2 Rfe8 18. Re1 Qb8 19. Qf1 f5 20. exf5 Bxf3 21. gxf3
gxf5 22. Bb1 Kh8 23. Qe2 Be5 24. Kh1 Nf4 25. Bxf4 Bxf4 26. Rcd1 Qb7 27. b4 Qf7
28. Qf1 Nd7 29. Ne2 Bh6 30. Rxd6 Bf8 31. Rd4 Bxb4 32. Red1 Ne5 33. f4 Ng6 34.
Rd7 Qf6 35. Qg2 Rg8 36. Qf3 Bc5 37. Rg1 Rcd8 38. Ra7 Rg7 39. Rxg7 Qxg7 40. h4
Nxh4 41. Qh3 Qb7+ 0-1

[Event "World Championship (rapid) 2015"]
[Site "Berlin GER"]
[Date "2015.10.11"]
[Round "10"]
[White "Onischuk, Alexander"]
[Black "Bacrot, Etienne"]
[Result "1/2-1/2"]
[WhiteElo "2662"]
[BlackElo "2697"]
[PlyCount "91"]
[EventDate "2015.10.10"]

1. d4 Nf6 2. c4 e6 3. Nf3 d5 4. Nc3 Nbd7 5. cxd5 exd5 6. Bg5 h6 7. Bh4 Bb4 8.
e3 g5 9. Bg3 Ne4 10. Nd2 Nxg3 11. hxg3 Nb6 12. a3 Bd6 13. e4 dxe4 14. Ndxe4 Qe7
15. Be2 Bf5 16. Nxd6+ Qxd6 17. Rc1 c6 18. O-O O-O 19. f4 Rad8 20. fxg5 Bg6 21.
gxh6 Qxd4+ 22. Qxd4 Rxd4 23. g4 Re8 24. Rcd1 Rxd1 25. Rxd1 Kh7 26. g5 Re5 27.
Rd8 Rxg5 28. Rb8 Nd5 29. Nxd5 Rxd5 30. Rxb7 Rd2 31. Bf3 c5 32. Rc7 Rxb2 33.
Rxc5 Rb6 34. Ra5 a6 35. Be2 Rb2 36. Kf1 Kxh6 37. Rxa6 Kg5 38. Ra4 Bc2 39. Rg4+
Kf5 40. Rc4 Be4 41. g3 Ke5 42. Rb4 Ra2 43. a4 f5 44. Ke1 Ra3 45. Kf2 Ra2 46.
Ke1 1/2-1/2

[Event "World Championship (rapid) 2015"]
[Site "Berlin GER"]
[Date "2015.10.11"]
[Round "10"]
[White "Inarkiev, Ernesto"]
[Black "Kasimdzhanov, Rustam"]
[Result "1/2-1/2"]
[WhiteElo "2660"]
[BlackElo "2704"]
[PlyCount "105"]
[EventDate "2015.10.10"]

1. d4 d5 2. c4 e6 3. Nf3 Nf6 4. g3 Be7 5. Bg2 O-O 6. O-O dxc4 7. Qc2 a6 8. a4
Bd7 9. Qxc4 Bc6 10. Bg5 h6 11. Bxf6 Bxf6 12. Rd1 a5 13. Nc3 Bxf3 14. Bxf3 c6
15. h4 Nd7 16. e3 Ra6 17. Rab1 Be7 18. Be4 Rb6 19. Bc2 Nf6 20. Qd3 g6 21. e4 h5
22. Ne2 Ng4 23. f3 Nh6 24. Qd2 Kg7 25. Qxa5 Rb4 26. Qe5+ f6 27. Qxe6 Re8 28. e5
Qc8 29. Nf4 Qxe6 30. Nxe6+ Kf7 31. Nf4 f5 32. Kg2 g5 33. hxg5 Bxg5 34. Nxh5 Be3
35. Nf6 Re7 36. Rd3 Bxd4 37. f4 Bxe5 38. fxe5 Rxe5 39. Rh1 Re2+ 40. Kf3 Rxc2
41. Rxh6 Kg7 42. Rh4 Rxh4 43. Ne8+ Kf8 44. gxh4 Kxe8 45. Rb3 Rc4 46. a5 Rxh4
47. Rxb7 Ra4 48. Ra7 Kd8 49. a6 Kc8 50. Ke3 Kb8 51. Rb7+ Kc8 52. Ra7 Kb8 53.
Rb7+ 1/2-1/2

[Event "World Championship (rapid) 2015"]
[Site "Berlin GER"]
[Date "2015.10.11"]
[Round "10"]
[White "Khismatullin, Denis"]
[Black "Anand, Viswanathan"]
[Result "1-0"]
[WhiteElo "2651"]
[BlackElo "2803"]
[PlyCount "135"]
[EventDate "2015.10.10"]

1. d4 Nf6 2. c4 e6 3. Nc3 Bb4 4. e3 O-O 5. Bd3 d5 6. cxd5 exd5 7. Nge2 Re8 8.
Bd2 Bd6 9. O-O c6 10. Rc1 Ng4 11. h3 Nh2 12. Re1 Nf3+ 13. gxf3 Qg5+ 14. Kh1 Qh4
15. Nf4 Bxh3 16. Ng2 Qxf2 17. Bf1 Re6 18. e4 Qg3 19. e5 Bxg2+ 20. Bxg2 Qh4+ 21.
Kg1 Qxd4+ 22. Be3 Qxd1 23. Rexd1 Bxe5 24. Nxd5 Na6 25. Nf4 Re7 26. Bd2 Bxb2 27.
Rc2 Bd4+ 28. Kf1 Rae8 29. Bc1 Be3 30. Bxe3 Rxe3 31. Rb1 R3e7 32. Kf2 g6 33. Rb3
Nb8 34. Nd3 b6 35. f4 c5 36. Ne5 Kg7 37. a4 Na6 38. Nc6 Rd7 39. Bf1 Nb8 40. Bb5
Rc7 41. Ne5 Rd8 42. Re2 Rd4 43. Kg3 f6 44. Nf3 Rd6 45. Rbe3 Nc6 46. Re8 Nd4 47.
R2e7+ Rxe7 48. Rxe7+ Kh6 49. Nxd4 cxd4 50. Rxa7 d3 51. Rd7 Rxd7 52. Bxd7 Kg7
53. Kf3 Kf7 54. Ke3 Ke7 55. Bb5 Kd6 56. Kxd3 Kc5 57. Ke4 g5 58. f5 h5 59. Be2
h4 60. Bg4 Kc4 61. Bh3 Kc5 62. Bf1 Kd6 63. Kd4 g4 64. Ke4 h3 65. Kf4 h2 66. Bg2
Kc5 67. Kg3 Kb4 68. Kxh2 1-0

[Event "World Championship (rapid) 2015"]
[Site "Berlin GER"]
[Date "2015.10.11"]
[Round "10"]
[White "Savchenko, Boris"]
[Black "Grischuk, Alexander"]
[Result "1-0"]
[WhiteElo "2567"]
[BlackElo "2774"]
[PlyCount "96"]
[EventDate "2015.10.10"]

1. e4 c5 2. Nf3 Nc6 3. d4 cxd4 4. Nxd4 Nf6 5. Nc3 e5 6. Ndb5 d6 7. Bg5 a6 8.
Na3 b5 9. Nd5 Be7 10. Bxf6 Bxf6 11. c3 Bg5 12. Nc2 Rb8 13. g3 O-O 14. h4 Bh6
15. Bg2 a5 16. a3 Ne7 17. Nce3 Bxe3 18. Nxe3 Be6 19. O-O Qc7 20. Kh2 Rfd8 21.
Qd2 Bb3 22. Bf3 Qc6 23. Rfe1 h6 24. Qd3 Bc4 25. Qc2 Be6 26. b4 Rbc8 27. Rac1
axb4 28. axb4 Ra8 29. Ra1 Rdc8 30. Be2 Rxa1 31. Rxa1 d5 32. exd5 Nxd5 33. Nxd5
Bxd5 34. Ra5 Bc4 35. Bxc4 Qxc4 36. Qf5 Re8 37. Qd7 Rb8 38. Qd6 Re8 39. Qb6 Qxc3
40. Qxb5 Re6 41. Qc5 Qe1 42. Qc2 e4 43. Qc5 Rf6 44. Ra2 e3 45. Qxe3 Qxb4 46.
Ra8+ Kh7 47. Qd3+ g6 48. Qd8 Rxf2+ 1-0

[Event "World Championship (rapid) 2015"]
[Site "Berlin GER"]
[Date "2015.10.11"]
[Round "10"]
[White "Onischuk, Vladimir"]
[Black "Aronian, Levon"]
[Result "1-0"]
[WhiteElo "2612"]
[BlackElo "2784"]
[PlyCount "177"]
[EventDate "2015.10.10"]

1. e4 c6 2. d4 d5 3. e5 Bf5 4. h4 h6 5. g4 Bd7 6. f4 h5 7. f5 hxg4 8. e6 fxe6
9. Qxg4 Qc8 10. Nf3 Nf6 11. Qg6+ Kd8 12. Ne5 Be8 13. Nf7+ Bxf7 14. Qxf7 e5 15.
Bh3 Qc7 16. Nc3 Nbd7 17. Ne2 c5 18. c3 cxd4 19. cxd4 exd4 20. Nf4 Nc5 21. O-O
Rc8 22. b4 Rxh4 23. bxc5 Kd7 24. Bg2 Qxc5 25. Qe6+ Ke8 26. Ba3 Qc6 27. Rac1
Qxe6 28. fxe6 Rc3 29. Bb2 Rc6 30. Nxd5 Kd8 31. Nf4 Rxc1 32. Bxc1 Rg4 33. Rd1 g5
34. Rxd4+ Kc8 35. Ne2 Bg7 36. Rxg4 Nxg4 37. Bxg5 Bf6 38. Bf4 Bb2 39. Bf3 Ne5
40. Be4 Kc7 41. Kf2 Kd6 42. Bxb7 Kxe6 43. Ba6 Kd5 44. Ke3 Kc5 45. Bxe5 Bxe5 46.
Ke4 Bh2 47. Kf5 Kb4 48. Ke6 Ka3 49. Bc4 Kb4 50. Bb3 a5 51. Nd4 Ka3 52. Kxe7 a4
53. Bd5 Kb2 54. Kd7 Be5 55. Nf3 Bc3 56. Kc6 a3 57. Kb5 Bg7 58. Bb3 Bf8 59. Ne5
Kc3 60. Nc4 Kd4 61. Ka4 Kc5 62. Nxa3 Kb6 63. Nc4+ Ka6 64. Ne5 Bd6 65. Nd7 Be7
66. Bc4+ Ka7 67. Kb5 Ba3 68. Bd5 Bc1 69. a4 Bd2 70. Ne5 Kb8 71. Nc6+ Kc7 72.
Nb4 Kd6 73. Bf3 Be3 74. a5 Bg1 75. Nd5 Bf2 76. a6 Ba7 77. Nb4 Kc7 78. Bb7 Bg1
79. Nd5+ Kb8 80. Kc6 Bf2 81. Kd7 Ka7 82. Ne7 Kb6 83. Bc8 Kb5 84. Kc7 Ka5 85.
Kb7 Kb4 86. Bg4 Bg1 87. Be2 Ka5 88. Nc6+ Ka4 89. Ne5 1-0

[Event "World Championship (rapid) 2015"]
[Site "Berlin GER"]
[Date "2015.10.11"]
[Round "10"]
[White "Nguyen, Ngoc Truong Son"]
[Black "Malakhov, Vladimir"]
[Result "0-1"]
[WhiteElo "2634"]
[BlackElo "2694"]
[PlyCount "58"]
[EventDate "2015.10.10"]

1. e4 e5 2. Nf3 Nc6 3. Bb5 Nf6 4. d3 Bc5 5. O-O Nd4 6. Nxd4 Bxd4 7. Nd2 c6 8.
Ba4 d6 9. Nf3 Bb6 10. Bb3 h6 11. Be3 O-O 12. Nh4 Ng4 13. Ng6 Bxe3 14. fxe3 Nxe3
15. Qf3 Nxf1 16. Rxf1 Be6 17. Bxe6 fxe6 18. Nxf8 Qxf8 19. Qxf8+ Rxf8 20. Rxf8+
Kxf8 21. Kf2 b5 22. b4 d5 23. Ke3 Ke7 24. g4 Kd6 25. Kd2 a5 26. Kc3 c5 27. a3
h5 28. gxh5 cxb4+ 29. axb4 d4+ 0-1

[Event "World Championship (rapid) 2015"]
[Site "Berlin GER"]
[Date "2015.10.11"]
[Round "10"]
[White "Andreikin, Dmitry"]
[Black "Fedoseev, Vladimir3"]
[Result "1/2-1/2"]
[WhiteElo "2720"]
[BlackElo "2659"]
[PlyCount "62"]
[EventDate "2015.10.10"]

1. Nf3 Nf6 2. c4 g6 3. Nc3 Bg7 4. e4 O-O 5. d4 d6 6. Be2 e5 7. d5 Nbd7 8. Bg5
h6 9. Bh4 g5 10. Bg3 Nh5 11. Nd2 Nf4 12. Bf1 Nc5 13. Nb3 f5 14. Nxc5 dxc5 15.
Qc2 a6 16. O-O-O b5 17. f3 b4 18. Na4 fxe4 19. fxe4 Bg4 20. Re1 c6 21. Bf2 Qa5
22. b3 cxd5 23. cxd5 Bd7 24. Bc4 Nxg2 25. Reg1 Bxa4 26. Rxg2 Rf3 27. Rg3 Raf8
28. d6+ Kh8 29. Rxf3 Rxf3 30. Qe2 Bxb3 31. Bxb3 Rxb3 1/2-1/2